Wszystkie osiedla Wrocławia na mapie - Statystyki

Ogólne statystyki
  • Ten quiz został rozwiązany 34 razy
  • Średni wynik to 25 z 48
Statystyki odpowiedzi
Odpowiedź % Poprawnych
Krzyki-Partynice
90%
Psie Pole-Zawidawie
86%
Gaj
83%
Stare Miasto
76%
Biskupin-Sępolno-Dąbie-Bartoszowice
69%
Nadodrze
69%
Brochów
66%
Grabiszyn-Grabiszynek
66%
Leśnica
66%
Pilczyce-Kozanów-Popowice Północne
66%
Gądów-Popowice Południowe
62%
Oporów
62%
Jagodno
59%
Karłowice-Różanka
59%
Nowy Dwór
59%
Tarnogaj
59%
Księże
55%
Ołtaszyn
55%
Osobowice-Rędzin
55%
Sołtysowice
55%
Jerzmanowo-Jarnołtów-Strachowice-Osiniec
52%
Przedmieście Oławskie
52%
Przedmieście Świdnickie
52%
Swojczyce-Strachocin-Wojnów
52%
Huby
48%
Maślice
48%
Muchobór Mały
48%
Muchobór Wielki
48%
Ołbin
48%
Polanowice-Poświętne-Ligota
48%
Pracze Odrzańskie
48%
Klecina
45%
Kleczków
45%
Lipa Piotrowska
45%
Plac Grunwaldzki
45%
Szczepin
45%
Borek
41%
Pawłowice
41%
Zacisze-Zalesie-Szczytniki
41%
Widawa
38%
Wojszyce
38%
Kowale
34%
Kuźniki
34%
Żerniki
34%
Bieńkowice
31%
Gajowice
31%
Świniary
31%
Powstańców Śląskich
24%
Nie znaleziono quizów pasujących do podanych kryteriów
Rozkład punktacji
Procent ludzi z każdym wynikiem
Percentyl według liczby udzielonych odpowiedzi
Twoja historia wyników
Nie rozwiązałeś tego quizu